Harry potter villains names - Statistics

General Stats
  • This quiz has been taken 272 times
    263 since last reset
  • The average score is 14 of 17
Answer Stats
Hint Answer % Correct
Lucius _____ Malfoy
100%
Tom _____ Riddle
98%
_____ Umbridge Dolores
96%
Bellatrix _____ Lestrange
93%
_____ Pettigrew Peter
92%
_____ Crouch Junior Bartemius (Barty)
91%
Gregory _____ Goyle
89%
Vincent _____ Crabbe
88%
_____ Karkaroff Igor
87%
Quirinus _____ Quirrell
87%
Amycus _____ Carrow
84%
_____ Greyback Fenrir
83%
Rodolphus _____ Lestrange
75%
_____ Carrow Alecto
71%
Antonin _____ Dolohov
68%
Evan _____ Rosier
55%
Corban _____ Yaxley
37%
No matching quizzes found
Score Distribution
Percent of People with Each Score
Percentile by Number Answered
Your Score History
You have not taken this quiz since the last reset